000
nam a22 7a 4500
999
_c
329292
_d
329292
003
Nust
005
20170502140342.0
008
170502b xxu||||| |||| 00| 0 eng d
040
_c
DLC
082
_a
307.76 ADB
245
_a
PRC: Efficient Utilization of Agricultural Wastes Project
942
_2
ddc
_c
BK